000 00672nam a2200229Ia 4500
005 20241129111204.0
008 241129s9999||||xx |||||||||||||| ||und||
020 _a97893-91214-37-1
037 _aTB
040 _aCRL
_beng
_cCRL
041 _asan
_2san
084 _aT4:51 15R3
_qCRL
100 _aJena Niranjan Au.; Sarkar Parsenchit Au.
_9723578
245 0 _aVedikanushilanam
_cJena Niranjan Au.; Sarkar Parsenchit Au.
260 _aDelhi, India
_bShivalik Prakashan
_c2023
300 _a165p.
365 _aINR
_b795
546 _aTranslated from Sanskrit to Hindi
650 _aEducation
942 _cTB
_hT4:51 15R3
999 _c1229316
_d1229316